00945nam a2200241Ia 4500003000400000005001700004008004100021020001800062040001800080041000800098082002500106245007500131250001200206260003800218300002900256650005300285650005400338650005400392700003100446942003400477999001900511952017300530OSt20260401132804.0210716s2009 xx 000 0 und d a9788174467362 cAIMIT LIBRARY aeng a001.072658 21bVERS aGlobalization : bCreating a boundaryless HR /cEdited by Subir Verma. a1st ed. aNew Delhi :bExcel Books ,c2009. axxi,163p. ;bPBc25.2 cm aRetention strategy in ITES organisations9185906 aKnowledge crossover in a globalised world9185907 aPlanning and managing boundaryless career9185908 aVerma, Subir., ed.9185909 2ddccBKe1stk001.072658 VERS c204680d204680 00102ddc40708MBAaAIMITbAIMITcHRMd2010-02-02g295.00iBill no:ABK 438; Bill dt:2009-11l0o001.072658 VERSpMBA07246r2025-07-21 00:00:00v221.25w2021-07-16yBK